000 00226nam a22000857a 4500
008 161026b xxu||||| |||| 00| 0 eng d
100 _9963
_aNCERT
245 _aFoot Prints Without Feet
260 _aNew Delhi
_bNCERT Publications
_c2006
999 _c3621
_d3621